000 00491nam a22001697a 4500
008 151002b xxu||||| |||| 00| 0 eng d
020 _a0028243145
041 0 _aeng
080 _a510.2
245 1 0 _aAdvanced mathematical concepts:
_cMerrill.
260 _aWesterville, Ohio:
_bGlencoe McGraw-Hill Companies, Inc.
_c1997.
300 _a1024 f.:
_bme il.;
_c26 cm.
650 0 _aMatematika
650 0 _aAplikimet
650 0 _aPrekalkulus
942 _2udc
_cBK
999 _c1220
_d1220